La huelga laboral de 1979 en la región atlántica de Costa Rica: análisis de un caso de movimiento social regional /

Αποθηκεύτηκε σε:
Λεπτομέρειες βιβλιογραφικής εγγραφής
Κύριος συγγραφέας: Lavell, Allan
Άλλοι συγγραφείς: Vargas, Jorge Valverde Rojas, José Manuel
Μορφή: Κείμενο
Έκδοση: S.D.: S.D.
Ετικέτες: Προσθήκη ετικέτας
Δεν υπάρχουν, Καταχωρήστε ετικέτα πρώτοι!

MARC

LEADER 00000 a a2200000 04500
001 21101
003
040
090 |a 091300  
100 |a Lavell, Allan  
245 |a La huelga laboral de 1979 en la región atlántica de Costa Rica: análisis de un caso de movimiento social regional /  |c Allan Lavell 
260 |a S.D.:   |b S.D.  
300 |a 177 p.  
700 |a Vargas, Jorge   |a Valverde Rojas, José Manuel  
999 |c 13340  |d 13340